| 000 | 00352 a2200121 4500 | ||
|---|---|---|---|
| 999 |
_c329479 _d329479 |
||
| 001 | 27367 | ||
| 003 | NUST | ||
| 005 | 20170509125010.0 | ||
| 008 | 170509b xxu||||| |||| 00| 0 eng d | ||
| 020 | _a0719520749 | ||
| 040 | _c0 | ||
| 082 | _a530 WHE | ||
| 100 |
_aWhelan, P M _9188 |
||
| 245 |
_aEssential pre-university physics _cP M Whelan |
||
| 260 |
_aLondon _bJohn Murray _c1971 |
||
| 300 | _a430p. | ||
| 500 | _aH.B | ||
| 942 |
_aNUST-CAE _cBK _cBK _2ddc _k530 WHE |
||